What does the Bible really teach about homosexuality? / (Record no. 21414)

MARC details
000 -LEADER
fixed length control field 01203cam a2200325 i 4500
001 - CONTROL NUMBER
control field 18447648
003 - CONTROL NUMBER IDENTIFIER
control field OSt
005 - DATE AND TIME OF LATEST TRANSACTION
control field 20260313161734.0
008 - FIXED-LENGTH DATA ELEMENTS--GENERAL INFORMATION
fixed length control field 150113s2015 ilu b 001 0 eng
010 ## - LIBRARY OF CONGRESS CONTROL NUMBER
LC control number 2015001438
020 ## - INTERNATIONAL STANDARD BOOK NUMBER
International Standard Book Number 9781433549373
Qualifying information tp
035 ## - SYSTEM CONTROL NUMBER
System control number 18447648
040 ## - CATALOGING SOURCE
Original cataloging agency DLC
Language of cataloging eng
Transcribing agency DLC
Description conventions rda
Modifying agency DLC
042 ## - AUTHENTICATION CODE
Authentication code pcc
050 00 - LIBRARY OF CONGRESS CALL NUMBER
Classification number BS680.H67
Item number D493 2015
082 00 - DEWEY DECIMAL CLASSIFICATION NUMBER
Classification number 241/.664
Edition number 23
100 1# - MAIN ENTRY--PERSONAL NAME
Personal name DeYoung, Kevin.
245 10 - TITLE STATEMENT
Title What does the Bible really teach about homosexuality? /
Statement of responsibility, etc. Kevin DeYoung.
264 #1 - PRODUCTION, PUBLICATION, DISTRIBUTION, MANUFACTURE, AND COPYRIGHT NOTICE
Place of production, publication, distribution, manufacture Wheaton, Illinois :
Name of producer, publisher, distributor, manufacturer Crossway,
Date of production, publication, distribution, manufacture, or copyright notice [2015]
300 ## - PHYSICAL DESCRIPTION
Extent 158 pages ;
Dimensions 21 cm
336 ## - CONTENT TYPE
Content type term text
Content type code txt
Source rdacontent
337 ## - MEDIA TYPE
Media type term unmediated
Media type code n
Source rdamedia
338 ## - CARRIER TYPE
Carrier type term volume
Carrier type code nc
Source rdacarrier
504 ## - BIBLIOGRAPHY, ETC. NOTE
Bibliography, etc Includes bibliographical references (pages 151-153) and index.
650 #0 - SUBJECT ADDED ENTRY--TOPICAL TERM
Topical term or geographic name as entry element Homosexuality
General subdivision Biblical teaching.
776 08 - ADDITIONAL PHYSICAL FORM ENTRY
Relationship information Online version:
Main entry heading DeYoung, Kevin.
Title What does the Bible really teach about homosexuality?
Place, publisher, and date of publication Wheaton : Crossway, 2015
International Standard Book Number 9781433549380
Record control number (DLC) 2015007515
906 ## - LOCAL DATA ELEMENT F, LDF (RLIN)
a 7
b cbc
c orignew
d 1
e ecip
f 20
g y-gencatlg
942 ## - ADDED ENTRY ELEMENTS (KOHA)
Source of classification or shelving scheme Library of Congress Classification
Koha item type General Collection
Holdings
Withdrawn status Lost status Source of classification or shelving scheme Not for loan Home library Current library Shelving location Date acquired Source of acquisition Inventory number Total Checkouts Full call number Barcode Date last seen Copy number Price effective from Koha item type
    Library of Congress Classification   Kabarak, Main Campus Kabarak, Main Campus General Stacks 13/03/2026 Donation 2025/3427   BS680.H67 D493 2015 C.1 38464 13/03/2026 C.1 13/03/2026 General Collection
Designed with assistance from East African Informatics Ltd